000 00374nam a2200145Ia 4500
008 230711s9999||||xx |||||||||||||| ||und||
041 _aENG
082 _a624
_bHO-P
100 _aHollaway,Leonard
245 0 _aPolymers and polymer composites in construction
250 _a1st Ed.
260 _c1990
_aNew York
_bThames & Hudson
650 _aTextile Engineering
942 _cBK
999 _c415
_d415